| 000 | 00892nam a2200229Ia 4500 | ||
|---|---|---|---|
| 003 | GCL | ||
| 008 | 140319s9999 xx 000 0 ara d | ||
| 040 |
_aGCL / _cGCL |
||
| 082 | 0 | 4 |
_a920.71 _bا ع |
| 100 | 1 | _aانور الجندى | |
| 245 | 1 | 0 |
_aعبدالعزيز الثعالبى رائد الحرية والنهضة الاسلامية / _cانور الجندى |
| 250 | _aالاولى | ||
| 260 |
_aبيروت : _bدار الغرب الاسلامى ، _c1984 |
||
| 300 |
_a222 ص ؛ _c19سم |
||
| 650 | 0 | 4 | _aعبدالعزيز الثعالبى |
| 650 | 0 | 4 | _aالعالم العربى - تاريخ |
| 650 | 0 | 4 | _aتونس - تاريخ - العصر الاسلامى 647-1881م |
| 650 | 0 | 4 | _aالعالم العربى - الاحوال الاجتماعية |
| 650 | 0 | 4 | _aتونس - الاحوال السياسية |
| 650 | 0 | 4 | _aالمسلمون في الهند |
| 942 |
_2ddc _cBK |
||
| 999 |
_c39484 _d39484 |
||